000 00217nam a2200085Ia 4500
008 120527s9999 xx 000 0 und d
100 _aMCGINLEY,W.John.
245 _aShame! An other guide for the perplexed.
942 _cBK
999 _c23864
_d23864